000 00432nab a2200145Ia 4500
003 ES-SlBCS
005 20210601134615.0
008 140529s1990 xxu||||| |||| 00| 0 spa d
041 _aspa
100 1 _aMontenegro L., Rafael
_9220355
245 0 0 _aEn busca de... la propia estructura personal
_c Rafael Montenegro L.
650 0 4 _aPersona
_9123450
773 0 _tAnthropos
_gvol. 11, nº. 21, 1990, págs. 49-64
_wRev38
942 _cAR
999 _c615180
_d615180